000 00891nam a2200253Ia 4500
003 GCL
008 140319s9999 xx 000 0 ara d
040 _aGCL /
_cGCL
082 0 4 _a509.953
_bع ت
100 1 _aعلى مصطفى بن الاشهر
245 1 0 _aالتراث العلمى العربى فى العلوم الاساسية /
_cعلى مصطفى بن الاشهر
700 1 _aمحمد عمران ابوميس
260 _a[S.N] :
_bالهيئة القومية للبحث العلمى ،
_c1990
300 _a896 ص
490 _a
650 0 4 _aالحضارة العربية الاسلامية - المعارف البحرية
650 0 4 _aالتراث
650 0 4 _aالقصص
650 0 4 _aالفيزياء
650 0 4 _aالعلوم عند العرب
650 0 4 _aالحضارة الاسلامية
650 0 4 _aالعلماء العرب
942 _2ddc
_cBK
999 _c30537
_d30537